| 000 | 00772namaa2200265 a 4500 | ||
|---|---|---|---|
| 001 | vtls001305311 | ||
| 003 | NLI | ||
| 005 | 20210627043900.0 | ||
| 008 | 120418s1979 dcu i000 0 eng | ||
| 039 | 9 |
_y201204181937 _zVLOAD |
|
| 040 | 0 |
_aNLI _cVTLS-2012_FOD _eAACR2 |
|
| 041 | 0 | _aeng | |
| 044 | _adcu | ||
| 082 | 0 | 4 | _a657.863 |
| 110 | 2 |
_aUnited States. _bDepartment of Agriculture _9706342 |
|
| 245 | 1 | 0 | _aWhat young farm families should know about credit |
| 260 |
_aWashington, D.C. : _bUnited States Department of Agriculture, _c1979 |
||
| 300 |
_a17 p. ; _c15 cm. |
||
| 650 | 0 |
_aAgriculture _xAccounting _9725315 |
|
| 650 | 0 |
_aAnimal industry _9725316 |
|
| 887 | _a | ||
| 901 |
_aAD 89842 _b22.10.2010 |
||
| 902 | _aU.S 657.863 Un 3 | ||
| 942 |
_2ddc _cBKS |
||
| 999 |
_c596107 _d596107 |
||